Los delfines están llorando. / (Registro nro. 7444)

Detalles MARC
000 -LIDER
fixed length control field 00987nam a2200301 a 4500
001 - NÚMERO DE CONTROL
Identificador de número de control 000045134
003 - IDENTIFICACDOR DE NÚMERO DE CONTROL
control field DO-SdBNP
005 - DATE AND TIME OF LATEST TRANSACTION
control field 20230801091219.0
007 - CAMPOS FIJOS DE DESCRIPCIÓN FÍSICA
fixed length control field 000045134
008 - ELEMENTOS DE LONGITUD FIJA
fixed length control field 150204s2011 dr a 000 j spa d
020 ## - ISBN
International Standard Book Number 9945429000
040 ## - FUENTE DE CATALOGACIÓN
Agencia que crea de manera original el registro BPMSU
Idioma de catalogación spa
Agencia que realiza la transcripción BPMSU
082 #4 - NÚMERO DE CLASIFICACIÓN DECIMAL DE DEWEY
Classification number Cu863.5
Item number P438d 2011
Edition number 22
100 1# - ASIENTO PRINCIPAL -- NOMBRE PERSONAL
Nombre personal Pérez de la Iglesia, Janina
Fechas asociadas con el nombre 1969-
245 14 - MENCIÓN DE TITULO
Título Los delfines están llorando. /
Mención de responsabilidad Janina Pérez de la Iglesia; ilustraciones, Rafael Hutchinson.
260 ## - PUBLICACIÓN, DISTRIBUCIÓN, ETC. (PIE DE IMPRENTA)
Lugar de publicación, distribución, etc Santo Domingo :
Nombre del editor, distribuidor, etc. Alfaguara,
Fecha de publicación, distribución, etc 2011
300 ## - DESCRIPCIÓN FÍSICA
Extensión 186 p. :
Otros detalles físicos il. ;
Dimensiones 21 cm.
490 0# - MENCIÓN DE SERIES
Mención de serie Alfaguara infantil
500 ## - NOTA GENERAL
Nota general Estos ejemplares son la quinta reimpresión del 2011.
500 ## - NOTA GENERAL
Nota general Incluye datos biografícos de la autora
590 ## - NOTA LOCAL
Enlace Inventariado, 2023/VM
650 #4 - ENCABEZAMIENTO DE MATERIA--TEMÁTICO
Término temático o nombre geográfico como elemento de entrada Cuentos infantiles cubanos
650 #4 - ENCABEZAMIENTO DE MATERIA--TEMÁTICO
Término temático o nombre geográfico como elemento de entrada Literatura infantil cubana
700 1# - ASIENTO SECUNDARIO -- NOMBRE PERSONAL
Nombre personal Hutchinson, Rafael
Mención de responsabilidad il.
830 #0 - ASIENTO SECUNDARIO DE SERIE--TÍTULO UNIFORME
Título uniforme Alfaguara infantil
910 ## - VALIDACIÓN
Validación VMateo V. Control de calidad. BPMSU
942 ## - ADDED ENTRY ELEMENTS (KOHA)
Source of classification or shelving scheme Dewey Decimal Classification
Koha item type Libros
Existencias
Withdrawn status Lost status Source of classification or shelving scheme Damaged status Not for loan Collection code Home library Current library Date acquired Source of acquisition Total Checkouts Full call number Barcode Date last seen Copy number Price effective from Koha item type
    Dewey Decimal Classification     Colección Infantil Dominicana Biblioteca Pública Metropolitana Salomé Ureña Biblioteca Pública Metropolitana Salomé Ureña 02/19/2015   BPMSU CDI Cu863.5 P438d 2011 BPMSU15041381 02/19/2015 e.3 02/19/2015 Libros
    Dewey Decimal Classification     Colección Infantil Dominicana Biblioteca Pública Metropolitana Salomé Ureña Biblioteca Pública Metropolitana Salomé Ureña 02/19/2015     BPMSU CDI Cu863.5 P438d 2011 BPMSU23080001 08/01/2023   02/19/2015 Libros
    Dewey Decimal Classification     Colección Infantil Dominicana Biblioteca Pública Metropolitana Salomé Ureña Biblioteca Pública Metropolitana Salomé Ureña 02/19/2015     BPMSU CDI Cu863.5 P438d 2011 BPMSU23080002 08/01/2023 e.2 02/19/2015 Libros